000 00806nac a22002051u 4500
010 _a 2006272932
020 _a193063711X
022 _a094662187x
082 0 0 _a297
_bNAS.
090 _c5175
_d5175
100 _aNasr, Seyyed Hossein.
245 1 0 _aIdeals and realities of Islam /
_cSeyyed Hossein Nasr ; with a preface by Titus Burckhardt and a foreword by Huston Smith.
250 _aNew rev. ed.
260 _aChicago, IL :
_bABC International Group :
_bDistributed by KAZI Publications,c2001.
_cc2001.
300 _a215 p. ;
_c22 cm.
504 _aIncludes bibliographical references (p. 181-207) and index.
650 0 _aIslam.
942 _cBB
_k297NAS.
999 _c5175
_d5175